书目信息 |
| 题名: |
俄国军队与对日战争
|
|
| 作者: | Kuropatkin , 库罗帕特金 著 ;中国社会科学院近史研究室 编 | |
| 分册: | ||
| 出版信息: | 北京 商务印书馆 1980 |
|
| 页数: | 316页 | |
| 开本: | 21cm | |
| 丛书名: | ||
| 单 册: | ||
| 中图分类: | K512.4 | |
| 科图分类: | ||
| 主题词: | 日俄战争(1904~1905) , 中欧--历史 , 东欧--历史 | |
| 电子资源: | ||
| ISBN: | ||
| 000 | 00999nam0 2200301 45 | |
| 001 | 0180000808 | |
| 005 | 20060801091745.35 | |
| 010 | @dCNY1.00 | |
| 091 | @a11017.476 | |
| 100 | @a19950817d1980 em y0chiy0121 ea | |
| 101 | 1 | @achi@ceng |
| 102 | @aCN@b110000 | |
| 105 | @ay z 000yy | |
| 200 | 10 | @a俄国军队与对日战争@Ae guo jun dui yu dui ri zhan zheng@f(俄)库罗帕特金(G.Kuropatkin)著@g中国社会科学院近代史研究室译 |
| 210 | @a北京@c商务印书馆@d1980 | |
| 215 | @a316页@d21cm | |
| 300 | @a书名原文:The Russian army and the Japanese war | |
| 510 | 1 | @aThe Russian army and the Japanese war@zeng |
| 606 | @a日俄战争(1904~1905) | |
| 606 | 0 | @a中欧@x历史 |
| 606 | 0 | @a东欧@x历史 |
| 690 | @aK512.4@v3 | |
| 701 | A1 | @aKuropatkin@bG.@4著 |
| 701 | 1 | @a库罗帕特金@Aku luo pa te jin@bG.@4著 |
| 712 | 02 | @a中国社会科学院近史研究室@Azhong guo she hui ke xue yuan jin shi yan jiu shi@4编 |
| 801 | 2 | @aCN@bNLC@c20060801 |
| 801 | 0 | @aCN@b上海图书馆@c20040331 |
| 905 | @dK512.4@e13@f1@b32949 | |
| 俄国军队与对日战争/(俄)库罗帕特金(G.Kuropatkin)著/中国社会科学院近代史研究室译.-北京:商务印书馆,1980 |
| 316页;21cm |
| 书名原文:The Russian army and the Japanese war |
| ISBN :CNY1.00 |
| ● |
| 相关链接 |
|
|
|
|
正题名:俄国军队与对日战争
索取号:K512.4/13
 
预约/预借
| 序号 | 登录号 | 条形码 | 馆藏地/架位号 | 状态 | 备注 |
| 1 | 0032948 | 001923716 | 密集书库/ [索取号:K512.4/13] | 在馆 | |
| 2 | 0032949 | 001394896 | 第二借阅区/ [索取号:K512.4/13] | 在馆 | |
| 3 | 0032950 | 001925858 | 密集书库/ [索取号:K512.4/13] | 在馆 | |
| 4 | 0444050 | 204440505 | 密集书库/ [索取号:K512.4/13] | 在馆 |